00278nam a2200097Ia 4500008004100000082002300041100001300064245004700077260004600124300001000170210430s9999 xx 000 0 und d a342.0095491 J253 P aM P Jain aPrinciples of Administrative LawcM P Jain aIslamabadbNational Book Foundationc1986 a1072p